Энергетика и электрификация. 1988, Вып.5: Пути повышения фондоотдачи сельских распределительных сетей (Запись № 2940015)

Подробности
000 -МАРКЕР
контрольное поле 01361nam2a22002411 4500
001 - ИДЕНТИФИКАТОР ЗАПИСИ
контрольное поле RU\NLR\INFOCOMM15\5000295434
005 - ИДЕНТИФИКАТОР ВЕРСИИ
контрольное поле 20250617171611.0
035 ## - ДРУГИЕ СИСТЕМНЫЕ НОМЕРА
Идентификатор записи (NLR Aleph) 002842081
100 ## - ДАННЫЕ ОБЩЕЙ ОБРАБОТКИ
Данные общей обработки 20050212d1988 |||y0rusy50 ca
101 0# - ЯЗЫК РЕСУРСА
Язык текста, звукозаписи и т.д. русский
102 ## - СТРАНА ПУБЛИКАЦИИ ИЛИ ПРОИЗВОДСТВА
Страна публикации Российская Федерация
105 ## - ПОЛЕ КОДИРОВАННЫХ ДАННЫХ: ТЕКСТОВЫЕ МАТЕРИАЛЫ, МОНОГРАФИЧЕСКИЕ
Кодированные данные о монографическом текстовом документе y ||||000|y
200 1# - ЗАГЛАВИЕ И СВЕДЕНИЯ ОБ ОТВЕТСТВЕННОСТИ
Основное заглавие Пути повышения фондоотдачи сельских распределительных сетей
210 ## - ПУБЛИКАЦИЯ, РАСПРОСТРАНЕНИЕ И ДР.
Дата издания, распространения и т.д. 1988
Место издания, распространения и т.д. Б. м.
461 #0 - УРОВЕНЬ НАБОРА
Встроенное поле 001RU\NLR\INFOCOMM15\5000295311
-- 2001#$aЭнергетика и электрификация$eОбзор. информ. Передовой произв. опыт$hСерия 6$iЭкономика энергетики и энергетического строительства$fЦНТИ по энергетике и электрификации$v1988, Вып.5
Системный номер (АБИС) связанной записи 2939755
Место публикации М.
Дата публикации 1984-
Первые сведения об ответственности ЦНТИ по энергетике и электрификации
Номер части Серия 6
Заглавие части Экономика энергетики и энергетического строительства
Сведения, относящиеся к заглавию Обзор. информ. Передовой произв. опыт
Заглавие Энергетика и электрификация
Номер тома 1988, Вып.5
801 #1 - ИСТОЧНИК ЗАПИСИ
Страна Российская Федерация
Организация InfoComm
Дата составления 20050212
801 #0 - ИСТОЧНИК ЗАПИСИ
Страна Российская Федерация
Организация NLR
Правила каталогизации PSBO
852 ## - МЕСТОНАХОЖДЕНИЕ И ШИФР ХРАНЕНИЯ
Идентификатор организации NLR
Шифр хранения (Call Number) П10/6179
942 ## - ДОПОЛНИТЕЛЬНЫЕ ЭЛЕМЕНТЫ ЗАПИСИ (АБИС)
Тип экземпляра АБИС Выпуск
980 ## - КОЛЛЕКЦИЯ
Название коллекции Национальная библиография
980 ## - КОЛЛЕКЦИЯ
Название коллекции Русская периодика

Нет доступных экземпляров.